01192 a2200241 4500003000500000005001700005010001600022020002500038020002100063020002200084040000900106082002200115100002700137245008300164260004600247300006300293505037000356650003500726700002500761942001300786999001900799952013200818Nust20220803122624.0 a 93033040 a0201534770 (package) a0201826895 (bk.) a0201942526 (disk) cNust00a621.302855369,RID1 aRiddle, Alfred.99640910aApplied Electronic Engineering with Mathematica /cAlfred Riddle, Samuel Dick. aReading, Mass. :bAddison-Wesley,cc1995. axv, 375 p. :bill. ;c24 cm.+e1 computer disk (3 1/2 in.) aGroundwork (Page-1), DC Circuits (Page-21), Introduction (Page-61), Small-Signal Circuits II: Multiport Analysis (Page-99), Component Design and Sensitivity Analysis (Page-133), Time Series and Spectral Analysis (Page-153), s-Domain (Laspace) Analysis (Page-171), Filter Design (Page-189), High-Frequency Circuits and Analysis (Page-245), Noise Analysis (Page-285). 0aTelecommunication Engineering.1 aDick, Samuel.996410 cREF2ddc c175549d175549 00102ddc4070aMCSbMCScREFd2016-12-12o621.302855369,RIDpMCS27127r2016-12-08w2016-12-12yREFzAlmirah No.20, Shelf No.3